[Event "Catalunya-ch U16"]
[Site "Sabadell"]
[Date "2010.01.16"]
[Round "1.4"]
[White "Hernandez Iglesias, Daniel"]
[Black "Carro Bonet, Jaume"]
[Result "0-1"]
[WhiteElo "1700"]
[BlackElo "1914"]
[PlyCount "90"]
[EventDate "2010.01.16"]
[EventType "swiss"]
[EventRounds "6"]
[EventCountry "ESP"]
[SourceTitle "EXT 2024"]
[Source "ChessBase"]
[SourceDate "2023.10.10"]
[SourceVersion "1"]
[SourceVersionDate "2023.10.10"]
[SourceQuality "1"]

1. e4 c5 2. Nf3 e6 3. Nc3 a6 4. a3 Nc6 5. g3 Qc7 6. d3 Nf6 7. Bf4 d6 8. Bh3 b5 9. 0-0 h6 10. Re1 g5 11. Be3 g4 12. Bg2 gxf3 13. Qxf3 Nd7 14. Bf4 Nd4 15. Qh5 Nxc2 16. Re2 Nxa1 17. e5 Bb7 18. exd6 Qb6 19. Rxe6+ Kd8 20. Qxf7 Bxd6 21. Bxd6 Kc8 22. Nd5 Bxd5 23. Bxd5 Ra7 24. Qg7 Qd8 25. Be7 Qe8 26. Rc6+ Rc7 27. Rxa6 Nb6 28. Be6+ Kb8 29. Rxb6+ Ka7 30. Bxc5 Rxg7 31. Rd6+ Kb8 32. Rb6+ Rb7 33. Bd6+ Ka7 34. Bc5 Rxb6 35. Bxb6+ Kxb6 36. Bh3 Qe1+ 37. Kg2 Rf8 38. Bg4 Rxf2+ 39. Kh3 Qh1 40. Be6 Qxh2+ 41. Kg4 Qg2 42. d4 Rf3 43. Kh5 Rxg3 44. Kxh6 Qh2+ 45. Bh3 Qxh3# 0-1

[Event "Barcelona Region West-ch U16"]
[Site "Barcelona"]
[Date "2009.01.31"]
[Round "2.5"]
[White "Fernandez Aguilar, Francisco"]
[Black "Hernandez Iglesias, Daniel"]
[Result "1-0"]
[WhiteElo "1819"]
[BlackElo "1700"]
[PlyCount "129"]
[EventDate "2009.01.17"]
[EventType "swiss"]
[EventRounds "6"]
[EventCountry "ESP"]
[SourceTitle "EXT 2024"]
[Source "ChessBase"]
[SourceDate "2023.10.10"]
[SourceVersion "1"]
[SourceVersionDate "2023.10.10"]
[SourceQuality "1"]

1. e4 e5 2. Nf3 Nc6 3. Bb5 Nf6 4. 0-0 Nxe4 5. d4 Qf6 6. dxe5 Nxe5 7. Nxe5 Qxe5 8. Bd3 Qd5 9. Qe2 f5 10. Nc3 Qe6 11. Nb5 c6 12. Nc7+ Ke7 13. Nxe6 dxe6 14. Bxe4 fxe4 15. Bg5+ Ke8 16. Rad1 h6 17. Rd8+ Kf7 18. Bh4 Be7 19. Bxe7 Rxd8 20. Bxd8 Bd7 21. Bh4 e5 22. Qh5+ Kg8 23. Qxe5 Re8 24. Qd4 Bf5 25. Re1 Re5 26. Qxe5 Bg6 27. Qxe4 Bxe4 28. Rxe4 b5 29. Re8+ Kh7 30. Re7 a5 31. Bf6 Kg6 32. Rxg7+ Kxf6 33. Rc7 Ke5 34. Rxc6 Kd5 35. Rxh6 b4 36. g4 a4 37. Rb6 Kc5 38. Rxb4 Kxb4 39. g5 a3 40. b3 Kc3 41. g6 Kxc2 42. g7 Kb2 43. g8Q Kxa2 44. Qa8 Kb2 45. Qxa3+ Kxa3 46. h4 Kxb3 47. h5 Kc4 48. Kg2 Kd5 49. h6 Ke6 50. h7 Kf7 51. h8Q Ke7 52. Kg3 Kf7 53. f4 Ke6 54. Kg4 Kd5 55. f5 Kd6 56. f6 Ke6 57. Kg5 Kf7 58. Qg7+ Ke6 59. f7 Kd5 60. f8R Ke6 61. Re8+ Kd6 62. Qe5+ Kd7 63. Qe6+ Kc7 64. Re7+ Kd8 65. Qd7# 1-0